000 00945nas a2200289 4500
001 BR9209977
003 BR-BrBNA
005 20231205095115.0
007 ta
008 230509b bl.|||p| |||| 00| 00por d
040 _aBR-BrBNA
_bpor
_cBiblioteca Nacional de Agricultura
041 _a(Pt)
072 _aH10
100 1 _aSampaio, A.S.
100 1 _aMyazaki, I.
100 1 _aSuplicy Filho, N.
100 1 _aOliveira, D.A.
100 1 _aBitran, E.A.
100 1 _aTeofilo Sobrinho, J.
245 1 _aFatores possiveis de determinar o grau de suscetibilidade de certas variedades citricas ao parasitismo por "moscas das frutas" (Ceratitis capitata Wied., 1824 e Anastrepha spp.)
650 _aFruta Citrica
650 _aMosca das Frutas
650 _aVariedade
773 0 _tBiologico (Brazil)
_xISSN 0366-0567
_g(Dec 1984), v. 50(12) p. 273-284
_wBR9209977
909 _a202311
_bLúcia
_c55
_dLúcia Elande
942 _2AGRIS
_n0
_cANA
999 _c148734
_d148734